| 000 | 00728nam a2200229Ii 4500 | ||
|---|---|---|---|
| 003 | JO-AjNU | ||
| 008 | 230605s9999||||xx |||||||||||||| ||und|| | ||
| 017 | _a1999/12/2177 | ||
| 040 |
_aJO-AjNU _bara _erda _cJO-AjNU |
||
| 041 | _aara | ||
| 050 | 1 | 4 | _aHF 5686 .C7.M83 2000 |
| 100 | 3 |
_aكراجة، عبدالحليم محمود, _eauthor _945798 |
|
| 245 | 0 | 0 | _aمحاسبة الشركات |
| 250 | _aط1 | ||
| 264 | 3 | 1 | _aاربد: دار الامل للنشر والتوزيع، 2000 |
| 300 | _a266ص | ||
| 336 |
_atext _btxt _2rdacontent |
||
| 337 |
_aunmediated _bn _2rdamedia |
||
| 338 |
_avolume _bnc _2rdacarrier |
||
| 490 | 0 | _aسلسلة كتب المحاسبة؛4 | |
| 650 | 4 |
_a محاسبة الشركات _945799 |
|
| 999 |
_aA19878 _c23446 _d23446 |
||